[Event "4NCL/Div2/RIC vs. WES1"]
[Site "Wokefield Park ENG"]
[Date "2007.05.07"]
[Round "11.1"]
[White "Markos, Jan"]
[Black "Upton, Ian J"]
[Result "1-0"]
[WhiteElo "2534"]
[BlackElo "2266"]
[PlyCount "141"]
[EventDate "2007.05.07"]
[EventType "team"]
[EventRounds "11"]
[EventCountry "ENG"]

1. d4 d5 2. c4 c6 3. Nc3 Nf6 4. e3 e6 5. Nf3 Nbd7 6. Qc2 Bd6 7. Bd3 dxc4 8.
Bxc4 O-O 9. O-O e5 10. Rd1 Qe7 11. Bb3 e4 12. Ng5 Bxh2+ 13. Kxh2 Ng4+ 14. Kg1
Qxg5 15. Qxe4 Ndf6 16. Qf3 Qh4 17. e4 Qh2+ 18. Kf1 Ne5 19. Qg3 Qxg3 20. fxg3
Ng6 21. Bg5 Bg4 22. Rd3 Nd7 23. Nd1 Be6 24. Rc1 Rac8 25. Ne3 b6 26. Nc4 Bxc4
27. Bxc4 b5 28. Bb3 c5 29. dxc5 Nxc5 30. Rdc3 Nxb3 31. Rxb3 h6 32. Rxc8 Rxc8
33. Bd2 a6 34. Ke2 Rc4 35. Rb4 Rc6 36. Bc3 Nf8 37. Rd4 Kh7 38. e5 Ne6 39. Rd6
Rc4 40. Rxa6 b4 41. Bd2 b3 42. axb3 Re4+ 43. Be3 Rxe5 44. Kd3 Rd5+ 45. Ke4 Rb5
46. Rb6 Ng5+ 47. Kd3 Rd5+ 48. Ke2 Ne4 49. Kf3 Nd2+ 50. Ke2 Ne4 51. Bf4 g5 52.
Bb8 Nc5 53. Rb5 Rd8 54. Be5 Ne6 55. Ke3 Kg6 56. b4 f6 57. Bc3 h5 58. Rb6 Kf5
59. b5 Nc7 60. Rxf6+ Kg4 61. Rc6 Nxb5 62. Be5 Na7 63. Rc5 Rg8 64. b4 Rg6 65. b5
Rb6 66. Rc4+ Kf5 67. Bd4 Re6+ 68. Kd3 Nxb5 69. Rc5+ Kg4 70. Rxb5 h4 71. Bf2 1-0

[Event "4NCL/Div2/RIC vs. WES1"]
[Site "Wokefield Park ENG"]
[Date "2007.05.07"]
[Round "11.2"]
[White "Allicock, Rawle A"]
[Black "Cech, Pavel"]
[Result "1/2-1/2"]
[WhiteElo "2304"]
[BlackElo "2403"]
[PlyCount "50"]
[EventDate "2007.05.07"]
[EventType "team"]
[EventRounds "11"]
[EventCountry "ENG"]

1. e4 e6 2. d4 d5 3. Nc3 Bb4 4. exd5 exd5 5. Bd3 Nc6 6. Nge2 Nge7 7. O-O O-O 8.
Bf4 Bf5 9. Nb5 Ba5 10. Bxf5 Nxf5 11. Qd3 Qd7 12. c3 Nce7 13. Rae1 c6 14. Na3
Ng6 15. Qh3 Rae8 16. Bd2 Qc8 17. Ng3 Nxg3 18. Qxc8 Rxc8 19. hxg3 Rfe8 20. Nc2
Bc7 21. Nb4 Bd6 22. Nd3 Re4 23. f3 Rxe1 24. Bxe1 Re8 25. Kf2 f6 1/2-1/2

[Event "4NCL/Div2/RIC vs. WES1"]
[Site "Wokefield Park ENG"]
[Date "2007.05.07"]
[Round "11.3"]
[White "Wall, Gavin"]
[Black "Corkett, Anthony R"]
[Result "1-0"]
[WhiteElo "2324"]
[BlackElo "2335"]
[PlyCount "83"]
[EventDate "2007.05.07"]
[EventType "team"]
[EventRounds "11"]
[EventCountry "ENG"]

1. e4 c5 2. Nf3 Nc6 3. Bb5 a6 4. Bxc6 bxc6 5. O-O d6 6. c3 e6 7. d4 cxd4 8.
cxd4 Nf6 9. Nc3 Be7 10. Bg5 O-O 11. e5 Nd7 12. Bxe7 Qxe7 13. Rc1 dxe5 14. Nxe5
Nxe5 15. dxe5 c5 16. Ne4 Bb7 17. Nxc5 Bd5 18. Qe2 Rfc8 19. b4 a5 20. a3 axb4
21. axb4 Ra2 22. Qe3 h6 23. Ra1 Rca8 24. Rxa2 Rxa2 25. Rb1 Qa7 26. h3 Rc2 27.
Rc1 Rb2 28. Qd4 Qa3 29. Nd7 Qxb4 30. Rc8+ Kh7 31. Nf8+ Kg8 32. Nxe6+ Kh7 33.
Qxd5 Qe1+ 34. Kh2 Rxf2 35. Nf8+ Kg8 36. Nd7+ Kh7 37. Qd3+ g6 38. Nf6+ Rxf6 39.
exf6 Qe5+ 40. Qg3 Qxf6 41. Qc3 Qf4+ 42. Kg1 1-0

[Event "4NCL/Div2/RIC vs. WES1"]
[Site "Wokefield Park ENG"]
[Date "2007.05.07"]
[Round "11.4"]
[White "Webb, Richard M"]
[Black "Bates, Richard A"]
[Result "1/2-1/2"]
[WhiteElo "2279"]
[BlackElo "2374"]
[PlyCount "49"]
[EventDate "2007.05.07"]
[EventType "team"]
[EventRounds "11"]
[EventCountry "ENG"]

1. e4 c5 2. Nc3 Nc6 3. Nge2 e5 4. Nd5 Nge7 5. Nec3 Nxd5 6. Nxd5 d6 7. Bc4 Be7
8. d3 O-O 9. O-O Bg5 10. f4 exf4 11. Bxf4 Na5 12. Qh5 Bxf4 13. Rxf4 Nxc4 14.
dxc4 h6 15. Raf1 Qg5 16. Qxg5 hxg5 17. Ne7+ Kh7 18. Rxf7 Rxf7 19. Rxf7 Be6 20.
Rf3 Re8 21. Nd5 Bxd5 22. exd5 Re2 23. Rf2 Re1+ 24. Rf1 Re2 25. Rf2 1/2-1/2

[Event "4NCL/Div2/RIC vs. WES1"]
[Site "Wokefield Park ENG"]
[Date "2007.05.07"]
[Round "11.5"]
[White "Osborne, Marcus E"]
[Black "Simons, Martin J"]
[Result "1/2-1/2"]
[WhiteElo "2253"]
[BlackElo "2224"]
[PlyCount "35"]
[EventDate "2007.05.07"]
[EventType "team"]
[EventRounds "11"]
[EventCountry "ENG"]

1. d4 c5 2. d5 Nf6 3. c4 b5 4. Nf3 g6 5. Qc2 Bg7 6. e4 O-O 7. cxb5 d6 8. Nc3 a6
9. bxa6 Qb6 10. Nd2 Bxa6 11. Nc4 Qb7 12. Bg5 h6 13. Bf4 Nbd7 14. Be2 Nb6 15.
Qb3 Rfb8 16. Na5 Qd7 17. Nc6 Rb7 18. Na5 1/2-1/2

[Event "4NCL/Div2/RIC vs. WES1"]
[Site "Wokefield Park ENG"]
[Date "2007.05.07"]
[Round "11.6"]
[White "Lock, Gavin R"]
[Black "Franklin, Michael J"]
[Result "1/2-1/2"]
[WhiteElo "2212"]
[BlackElo "2215"]
[PlyCount "30"]
[EventDate "2007.05.07"]
[EventType "team"]
[EventRounds "11"]
[EventCountry "ENG"]

1. Nf3 Nf6 2. c4 c6 3. Nc3 d5 4. d4 Bf5 5. cxd5 cxd5 6. Qb3 Bc8 7. Bf4 a6 8. e3
e6 9. Bd3 Bd6 10. Bxd6 Qxd6 11. Ne5 Nfd7 12. Rc1 O-O 13. Nxd7 Nxd7 14. O-O Nf6
15. h3 Bd7 1/2-1/2

[Event "4NCL/Div2/RIC vs. WES1"]
[Site "Wokefield Park ENG"]
[Date "2007.05.07"]
[Round "11.7"]
[White "Meyer, Gordon"]
[Black "Tunks, Dominic"]
[Result "1-0"]
[WhiteElo "2177"]
[BlackElo "2115"]
[PlyCount "85"]
[EventDate "2007.05.07"]
[EventType "team"]
[EventRounds "11"]
[EventCountry "ENG"]

1. e4 d6 2. d4 Nf6 3. Nc3 c6 4. f4 Qb6 5. Be2 e6 6. Rb1 d5 7. e5 Nfd7 8. Na4
Qa5+ 9. c3 b5 10. Nc5 Nxc5 11. dxc5 b4 12. a3 b3 13. Qxb3 Bxc5 14. Nh3 Qd8 15.
Nf2 f6 16. O-O fxe5 17. Kh1 e4 18. Qc2 O-O 19. b4 Bd6 20. Ng4 Nd7 21. g3 Qe7
22. Be3 Bb7 23. h4 c5 24. h5 e5 25. bxc5 Nxc5 26. fxe5 Rxf1+ 27. Bxf1 Bc7 28.
Bxc5 Qxc5 29. Rxb7 Bb6 30. Qg2 Qc8 31. Rxb6 axb6 32. Qh3 Qxc3 33. Kh2 Rf8 34.
Bg2 Qe1 35. h6 Rf7 36. hxg7 Kxg7 37. Qh6+ Kh8 38. Qe6 Rg7 39. Qf6 Qe2 40. Qf8+
Rg8 41. Qf6+ Rg7 42. Nh6 Qh5+ 43. Kg1 1-0

[Event "4NCL/Div2/RIC vs. WES1"]
[Site "Wokefield Park ENG"]
[Date "2007.05.07"]
[Round "11.8"]
[White "Moore, Gillian A"]
[Black "Chevannes, Sabrina"]
[Result "0-1"]
[WhiteElo "1915"]
[BlackElo "2080"]
[PlyCount "86"]
[EventDate "2007.05.07"]
[EventType "team"]
[EventRounds "11"]
[EventCountry "ENG"]

1. d4 d5 2. e3 Nf6 3. Bd3 c6 4. f4 Bg4 5. Nf3 e6 6. Nbd2 c5 7. c3 Nc6 8. O-O
Bd6 9. g3 a6 10. Kg2 O-O 11. Qe1 Bxf3+ 12. Rxf3 Nd7 13. Rf1 f6 14. Qe2 f5 15.
b3 b5 16. Ba3 Qe7 17. Nf3 c4 18. Bc2 Bxa3 19. b4 Bb2 20. Rab1 Bxc3 21. a3 a5
22. bxa5 Rxa5 23. Ng5 h6 24. Nf3 Qxa3 25. Nh4 Nf6 26. h3 b4 27. Rf2 b3 28. Bxb3
cxb3 29. Qd3 Ne4 30. Re2 b2 31. Kf3 Bxd4 32. Qc2 Bxe3 33. Kg2 Bxf4 34. Nf3 Ne5
35. Nxe5 Qxg3+ 36. Kf1 Bxe5 37. Rg2 Qf3+ 38. Kg1 Bd4+ 39. Kh2 Be5+ 40. Kg1 Bd4+
41. Kh2 Ra3 42. Kh1 Qxh3+ 43. Rh2 Ng3# 0-1

[Event "4NCL/Div2/BARY vs. SLOS2"]
[Site "Wokefield Park ENG"]
[Date "2007.05.07"]
[Round "11.1"]
[White "Lewis, Andrew P"]
[Black "Rees, Ioan"]
[Result "1-0"]
[WhiteElo "2279"]
[BlackElo "2257"]
[PlyCount "97"]
[EventDate "2007.05.07"]
[EventType "team"]
[EventRounds "11"]
[EventCountry "ENG"]

1. c4 Nf6 2. Nc3 g6 3. e4 d6 4. d4 Bg7 5. Nf3 O-O 6. Be2 Bg4 7. Be3 Nfd7 8. h3
Bxf3 9. Bxf3 Nc6 10. Ne2 Na5 11. Rc1 c5 12. b3 Nc6 13. O-O cxd4 14. Nxd4 Qa5
15. Rc2 Nc5 16. Nxc6 bxc6 17. Qd2 Qc7 18. e5 Bxe5 19. b4 Nb7 20. b5 c5 21. Rb1
Rab8 22. Rb3 a6 23. Rc1 axb5 24. Rxb5 Rfc8 25. Bg4 e6 26. f4 Bf6 27. Rcb1 Nd8
28. Bf3 Rxb5 29. Rxb5 Nc6 30. a4 Bd4 31. Bxc6 Qxc6 32. a5 d5 33. Rb6 Qa4 34.
Bxd4 cxd4 35. cxd5 exd5 36. a6 Qa1+ 37. Kh2 Qc3 38. Qb2 Qe3 39. Rf6 Kg7 40.
Rxf7+ Kxf7 41. Qb7+ Kf6 42. Qxc8 Qxf4+ 43. Kg1 Qe3+ 44. Kh2 Qe5+ 45. Kg1 Qe3+
46. Kh2 d3 47. Qd8+ Ke5 48. Qc7+ Kd4 49. a7 1-0

[Event "4NCL/Div2/BARY vs. SLOS2"]
[Site "Wokefield Park ENG"]
[Date "2007.05.07"]
[Round "11.2"]
[White "Williams, Samuel G"]
[Black "Bigg, Andrew J"]
[Result "1-0"]
[WhiteElo "2254"]
[BlackElo "2239"]
[PlyCount "65"]
[EventDate "2007.05.07"]
[EventType "team"]
[EventRounds "11"]
[EventCountry "ENG"]

1. d4 e6 2. c4 Bb4+ 3. Nc3 b6 4. Nf3 Bb7 5. Qb3 a5 6. a3 Bxc3+ 7. Qxc3 Nf6 8.
Bg5 h6 9. Bh4 g5 10. Bg3 Ne4 11. Qc2 d6 12. e3 Nd7 13. Nd2 Nxd2 14. Qxd2 f5 15.
f3 Qf6 16. h4 g4 17. fxg4 Rg8 18. Be2 fxg4 19. Bd3 e5 20. O-O-O e4 21. Be2
O-O-O 22. b4 axb4 23. axb4 b5 24. Rhf1 Qe7 25. Qa2 bxc4 26. Bxc4 Rgf8 27. Kd2
d5 28. Qa5 Nb6 29. Be2 Nc4+ 30. Bxc4 dxc4 31. Rxf8 Rxf8 32. Rc1 Qf7 33. Rf1 1-0

[Event "4NCL/Div2/BARY vs. SLOS2"]
[Site "Wokefield Park ENG"]
[Date "2007.05.07"]
[Round "11.3"]
[White "Coleman, David"]
[Black "Roberson, Peter T"]
[Result "1-0"]
[WhiteElo "2249"]
[BlackElo "2213"]
[Annotator "Armstrong,Malcolm"]
[PlyCount "117"]
[EventDate "2007.05.07"]
[EventType "team"]
[EventRounds "11"]
[EventCountry "ENG"]

1. e4 c6 2. d4 d5 3. exd5 cxd5 4. c4 Nf6 5. Nc3 e6 6. Nf3 Be7 7. cxd5 Nxd5 8.
Bd3 Nc6 9. O-O O-O 10. Re1 Bf6 11. Be4 Nce7 12. Qd3 h6 13. Be3 Bd7 14. Rad1
Nxc3 15. bxc3 Bc6 16. c4 Qa5 17. Bxc6 bxc6 18. Nd2 Nf5 19. Nb3 Qc7 20. Bc1 Rfd8
21. Qe4 Nd6 22. Qc2 Rac8 23. Bd2 Re8 24. Ba5 Qe7 25. Bb4 Rb8 26. Ba3 Qd8 27. h3
Rc8 28. Bc5 Qc7 29. Bb4 Qb8 30. Ba3 Red8 31. Bc1 Qb4 32. c5 Nf5 33. Re4 Rd5 34.
g4 Ne7 35. f4 Rcd8 36. Bb2 Qb8 37. Qg2 g6 38. Bc3 Bg7 39. Be1 Qc8 40. Bf2 f5
41. Re2 Bf6 42. Rde1 Kf7 43. Qf3 Ng8 44. Be3 Bg7 45. g5 Re8 46. h4 h5 47. Bf2
Rdd8 48. Na5 Bxd4 49. Nxc6 Bxf2+ 50. Kxf2 Rd5 51. Ne5+ Kg7 52. c6 Kh7 53. Qc3
Re7 54. Rd2 Rxd2+ 55. Qxd2 Rc7 56. Qd6 Ne7 57. Rd1 Nd5 58. Nd7 Qa6 59. Rxd5 {
time} 1-0

[Event "4NCL/Div2/BARY vs. SLOS2"]
[Site "Wokefield Park ENG"]
[Date "2007.05.07"]
[Round "11.4"]
[White "Kafka, Graeme"]
[Black "Farrand, Julian T"]
[Result "1-0"]
[WhiteElo "2120"]
[BlackElo "2172"]
[PlyCount "101"]
[EventDate "2007.05.07"]
[EventType "team"]
[EventRounds "11"]
[EventCountry "ENG"]

1. e4 d6 2. d4 Nf6 3. Nc3 Nbd7 4. f4 e5 5. Nf3 exd4 6. Qxd4 c6 7. a4 d5 8. exd5
Bc5 9. Qd3 O-O 10. Bd2 Re8+ 11. Be2 cxd5 12. O-O-O Nb6 13. Qb5 Qd6 14. a5 Bd7
15. Qb3 Rxe2 16. Nxe2 Nc4 17. Bc3 Ne4 18. Qxc4 dxc4 19. Rxd6 Bxd6 20. Be5 Bb4
21. Rd1 Bg4 22. Rd4 Bxf3 23. gxf3 Nf6 24. a6 b5 25. Bxf6 gxf6 26. Rd5 Re8 27.
Rxb5 Be1 28. Nd4 c3 29. Kb1 cxb2 30. Kxb2 Bf2 31. Nf5 h5 32. Rd5 Rb8+ 33. Kc3
Rc8+ 34. Kd3 Kh7 35. Rd7 Rc6 36. Rxf7+ Kh8 37. Ne7 Rxa6 38. Ke4 Rb6 39. Kf5 Bh4
40. Ng6+ Kg8 41. Rxa7 Rb5+ 42. Ke6 Rb6+ 43. Kd5 Bf2 44. Rc7 Be3 45. c4 f5 46.
Ne7+ Kf8 47. Ke5 Rb2 48. Nxf5 Bb6 49. Rc6 Ba7 50. Rc8+ Kf7 51. Rc7+ 1-0

[Event "4NCL/Div2/BARY vs. SLOS2"]
[Site "Wokefield Park ENG"]
[Date "2007.05.07"]
[Round "11.5"]
[White "Hodgson, John H"]
[Black "de Coverly, Roger"]
[Result "1/2-1/2"]
[WhiteElo "2235"]
[BlackElo "2083"]
[PlyCount "79"]
[EventDate "2007.05.07"]
[EventType "team"]
[EventRounds "11"]
[EventCountry "ENG"]

1. e4 e5 2. Nf3 Nc6 3. Bb5 a6 4. Ba4 Nf6 5. O-O b5 6. Bb3 Be7 7. Re1 d6 8. c3
O-O 9. h3 h6 10. d4 Re8 11. Nbd2 Bf8 12. Nf1 Bd7 13. Ng3 Na5 14. Bc2 c5 15. b3
Nc6 16. d5 Ne7 17. Be3 Ng6 18. Qd2 Nh7 19. b4 cxb4 20. cxb4 Nh4 21. Nh2 Be7 22.
Bd1 Bg5 23. Bg4 Bxe3 24. Qxe3 Bxg4 25. Nxg4 Rc8 26. Rec1 Qe7 27. Rxc8 Rxc8 28.
Rc1 Rxc1+ 29. Qxc1 Qg5 30. Qxg5 Nxg5 31. f3 f6 32. Ne3 Kf8 33. Ngf5 Nxf5 34.
Nxf5 Nf7 35. Kf2 g6 36. Ne3 Ke7 37. h4 h5 38. g4 Nh6 39. gxh5 gxh5 40. Nf5+
1/2-1/2

[Event "4NCL/Div2/BARY vs. SLOS2"]
[Site "Wokefield Park ENG"]
[Date "2007.05.07"]
[Round "11.6"]
[White "Ruston, Mark R"]
[Black "Moore, John C"]
[Result "0-1"]
[WhiteElo "2124"]
[BlackElo "2033"]
[PlyCount "96"]
[EventDate "2007.05.07"]
[EventType "team"]
[EventRounds "11"]
[EventCountry "ENG"]

1. e4 Nf6 2. e5 Nd5 3. d4 d6 4. c4 Nb6 5. exd6 cxd6 6. Be3 g6 7. a4 a5 8. Nc3
Bg7 9. c5 dxc5 10. Bb5+ N6d7 11. dxc5 O-O 12. Nf3 Na6 13. c6 bxc6 14. Bxc6 Rb8
15. Bb5 Nb4 16. O-O Nf6 17. Qe2 Bb7 18. Bf4 Ra8 19. Rfd1 Qc8 20. Be5 Qg4 21.
Ne1 Qxe2 22. Bxe2 Nfd5 23. Bxg7 Kxg7 24. Bf3 e6 25. Nb5 Rfd8 26. Nd3 Nxd3 27.
Rxd3 Rac8 28. Rad1 Rc2 29. b3 Ba8 30. h3 Rdc8 31. Nd6 R8c3 32. Nb5 Rxd3 33.
Rxd3 Nf4 34. Re3 Bxf3 35. Rxf3 Nd5 36. Kh2 h5 37. Nd6 Nf6 38. Nc4 Ne4 39. Nxa5
Nxf2 40. Nc4 Ne4 41. a5 f5 42. Na3 Ra2 43. b4 h4 44. Nc4 Ra1 45. b5 g5 46. Re3
g4 47. hxg4 Nf2 48. g3 h3 0-1

[Event "4NCL/Div2/BARY vs. SLOS2"]
[Site "Wokefield Park ENG"]
[Date "2007.05.07"]
[Round "11.7"]
[White "Levermore, Peter A"]
[Black "Nelson, Omowale"]
[Result "1-0"]
[WhiteElo "2105"]
[BlackElo "2096"]
[PlyCount "41"]
[EventDate "2007.05.07"]
[EventType "team"]
[EventRounds "11"]
[EventCountry "ENG"]

1. e4 c6 2. d4 d5 3. e5 Bf5 4. Nf3 Qb6 5. Bd3 Bxd3 6. Qxd3 e6 7. a3 c5 8. dxc5
Bxc5 9. O-O Nc6 10. b4 Bf8 11. c4 Nge7 12. Nc3 dxc4 13. Qxc4 Ng6 14. Be3 Qd8
15. Rfd1 Qb8 16. b5 Ncxe5 17. Nxe5 Qxe5 18. Bd4 Qf4 19. b6 Bd6 20. g3 Qg4 21.
Qa4+ 1-0

[Event "4NCL/Div2/BARY vs. SLOS2"]
[Site "Wokefield Park ENG"]
[Date "2007.05.07"]
[Round "11.8"]
[White "Oliver, Shannon"]
[Black "Smith, Lucy"]
[Result "1/2-1/2"]
[WhiteElo "1925"]
[BlackElo "1860"]
[PlyCount "87"]
[EventDate "2007.05.07"]
[EventType "team"]
[EventRounds "11"]
[EventCountry "ENG"]

1. e4 c5 2. Nf3 d6 3. d4 cxd4 4. Nxd4 a6 5. Bc4 Nf6 6. Nc3 e6 7. Bb3 Be7 8. Qf3
Qc7 9. Bg5 h6 10. Bh4 Bd7 11. O-O-O Nc6 12. Rhe1 Na5 13. Ba4 Bxa4 14. Nxa4 Rd8
15. Nc3 Nc6 16. Nxc6 Qxc6 17. Bg3 b5 18. a3 O-O 19. Qe2 Rb8 20. e5 dxe5 21.
Bxe5 Rbd8 22. f4 Rxd1+ 23. Rxd1 Nd7 24. Bd4 Bf6 25. Qe4 Qc7 26. Bxf6 Nxf6 27.
Qd4 Rc8 28. Rd2 Qc6 29. Qd6 Qb7 30. Qd3 Qc6 31. Qe2 Qc7 32. g3 Qc6 33. Qd1 Qc7
34. Qf3 Qa7 35. Qf2 Qb7 36. Qg2 Qb6 37. Qf2 Qc6 38. Qe2 Qh1+ 39. Qd1 Qb7 40.
Rd6 Kh8 41. Rd2 Qc7 42. Qe2 Kg8 43. Qd1 Rb8 44. Rd4 1/2-1/2

[Event "4NCL/Div2/PPA1 vs. BAR2"]
[Site "Wokefield Park ENG"]
[Date "2007.05.07"]
[Round "11.1"]
[White "Posazhennikov, Alex"]
[Black "Devereaux, Maxim"]
[Result "1/2-1/2"]
[WhiteElo "2240"]
[BlackElo "2366"]
[PlyCount "151"]
[EventDate "2007.05.07"]
[EventType "team"]
[EventRounds "11"]
[EventCountry "ENG"]

1. e4 c5 2. d3 g6 3. f4 d5 4. Be2 Nc6 5. Nf3 dxe4 6. dxe4 Qxd1+ 7. Bxd1 Bg7 8.
c3 e5 9. O-O Nge7 10. Na3 O-O 11. fxe5 Bg4 12. Bg5 Bxf3 13. gxf3 Bxe5 14. Nc4
Bg7 15. a4 h6 16. Be3 b6 17. f4 Rab8 18. Bf3 Rfd8 19. Rfd1 Kf8 20. Kf2 Rb7 21.
Rxd8+ Nxd8 22. a5 Rb8 23. Rd1 Ne6 24. Rd7 b5 25. Nd6 b4 26. f5 bxc3 27. bxc3
Ng5 28. Bxc5 Bf6 29. Rxa7 Rb2+ 30. Ke3 Kg8 31. Ne8 Bxc3 32. Bxe7 Bd2+ 33. Kd3
Nxf3 34. Nf6+ Kg7 35. Ne8+ Kg8 36. Bf6 Ne1+ 37. Kc4 Rb4+ 38. Kd5 gxf5 39. exf5
Rb5+ 40. Ke4 Rxa5 41. Rxa5 Bxa5 42. Be5 Bd2 43. Nf6+ Kf8 44. Nd5 Ke8 45. Bg7
Bg5 46. Nf6+ Bxf6 47. Bxf6 Nc2 48. Bg7 h5 49. Kf4 Ke7 50. Kg5 h4 51. Bf6+ Kf8
52. Kxh4 Ne3 53. Kg5 Kg8 54. Bd4 Nd5 55. Kg4 Kh7 56. Kf3 Kh6 57. Ke4 Ne7 58.
Bf6 Ng8 59. Ke5 Kh5 60. h3 Nh6 61. Be7 Ng8 62. Bd8 Kh6 63. h4 Kg7 64. Ke4 f6
65. Kd5 Kf7 66. h5 Kg7 67. Ke6 Kh6 68. Bxf6 Kxh5 69. Bg7 Kg5 70. Bf8 Kf4 71.
Bd6+ Ke4 72. Bc7 Kf3 73. Ke5 Nh6 74. f6 Ng4+ 75. Ke6 Nxf6 76. Kxf6 1/2-1/2

[Event "4NCL/Div2/PPA1 vs. BAR2"]
[Site "Wokefield Park ENG"]
[Date "2007.05.07"]
[Round "11.2"]
[White "Rogers, Jonathan W"]
[Black "Swanson, Stephen"]
[Result "1/2-1/2"]
[WhiteElo "2364"]
[BlackElo "2245"]
[PlyCount "81"]
[EventDate "2007.05.07"]
[EventType "team"]
[EventRounds "11"]
[EventCountry "ENG"]

1. d4 g6 2. c4 Bg7 3. Nc3 d6 4. e4 e5 5. dxe5 dxe5 6. Qxd8+ Kxd8 7. f4 Nc6 8.
fxe5 Nxe5 9. Bf4 Be6 10. c5 Kc8 11. Nf3 Nxf3+ 12. gxf3 c6 13. Kd1 Nf6 14. Kc2
Nd7 15. Be3 Kc7 16. Ne2 Rhe8 17. h4 f5 18. Bg2 Bf7 19. a3 b6 20. cxb6+ axb6 21.
Nd4 Nc5 22. Rae1 Rad8 23. Rd1 Kb7 24. b4 f4 25. Bf2 Nd7 26. Ne2 Ne5 27. Bd4 c5
28. bxc5 bxc5 29. Bc3 Nc4 30. Bxg7 Ne3+ 31. Kc1 Nxg2 32. Bf6 Rxd1+ 33. Rxd1 Kc6
34. Rg1 Ne3 35. Nxf4 Ra8 36. Bb2 Nc4 37. e5 Nxa3 38. e6 Be8 39. h5 Nc4 40. hxg6
Bxg6 41. Nxg6 1/2-1/2

[Event "4NCL/Div2/PPA1 vs. BAR2"]
[Site "Wokefield Park ENG"]
[Date "2007.05.07"]
[Round "11.3"]
[White "Morgan, Ben"]
[Black "Sands, David"]
[Result "0-1"]
[WhiteElo "2240"]
[BlackElo "2252"]
[PlyCount "62"]
[EventDate "2007.05.07"]
[EventType "team"]
[EventRounds "11"]
[EventCountry "ENG"]

1. d4 d5 2. c4 dxc4 3. Nf3 a6 4. e3 e6 5. Bxc4 c5 6. O-O Nf6 7. Bb3 Nc6 8. Nc3
b5 9. d5 Na5 10. dxe6 Bxe6 11. Bxe6 fxe6 12. Qc2 Rc8 13. Ne4 Nxe4 14. Qxe4 Qd5
15. Qg4 Qf5 16. Qg3 Qf6 17. e4 Be7 18. Bf4 Nc6 19. Rad1 O-O 20. Bg5 Qxb2 21.
Bxe7 Nxe7 22. Qd6 Ng6 23. Qxe6+ Kh8 24. Rd7 Qf6 25. Qg4 c4 26. Re1 Ne5 27. Qh3
Nxd7 28. Qxd7 c3 29. e5 Qf4 30. e6 c2 31. e7 c1=Q 0-1

[Event "4NCL/Div2/PPA1 vs. BAR2"]
[Site "Wokefield Park ENG"]
[Date "2007.05.07"]
[Round "11.4"]
[White "Taylor, Martin R"]
[Black "Moore, Gerald"]
[Result "1-0"]
[WhiteElo "2328"]
[BlackElo "2238"]
[PlyCount "53"]
[EventDate "2007.05.07"]
[EventType "team"]
[EventRounds "11"]
[EventCountry "ENG"]

1. d4 Nf6 2. Bg5 c5 3. d5 Ne4 4. Bf4 Qb6 5. Bc1 e6 6. f3 Nf6 7. c4 exd5 8. cxd5
c4 9. e3 Bc5 10. Kf2 O-O 11. Bxc4 Re8 12. Qb3 Na6 13. Ne2 Qd6 14. Nbc3 Nc7 15.
Ng3 b5 16. Nxb5 Nxb5 17. Bxb5 Rb8 18. Qd3 a6 19. Bc4 Ng4+ 20. fxg4 Qf4+ 21. Ke1
Bxe3 22. Kd1 Bxc1 23. Rf1 Qxg4+ 24. Kxc1 d6 25. b3 h5 26. Qf3 Qg6 27. Qxh5 1-0

[Event "4NCL/Div2/PPA1 vs. BAR2"]
[Site "Wokefield Park ENG"]
[Date "2007.05.07"]
[Round "11.5"]
[White "Dunn, Andrew"]
[Black "Pritchett, Craig W"]
[Result "1/2-1/2"]
[WhiteElo "2196"]
[BlackElo "2306"]
[PlyCount "81"]
[EventDate "2007.05.07"]
[EventType "team"]
[EventRounds "11"]
[EventCountry "ENG"]

1. d4 Nf6 2. Nf3 e6 3. g3 b6 4. Bg2 Bb7 5. c4 Bb4+ 6. Bd2 c5 7. O-O Bxd2 8.
Qxd2 cxd4 9. Nxd4 Bxg2 10. Kxg2 d5 11. cxd5 Qxd5+ 12. Nf3 Nbd7 13. Rd1 Qxd2 14.
Rxd2 Ke7 15. Nc3 Rhc8 16. Rad1 a6 17. e4 Rc5 18. Nd4 b5 19. Nb3 Rc7 20. f3 Rac8
21. a3 Ne5 22. Na5 g5 23. Rd6 Rd7 24. Rxd7+ Nfxd7 25. Kf2 Nb6 26. Rd2 g4 27.
fxg4 Nxg4+ 28. Kf3 Ne5+ 29. Ke2 h5 30. Na2 Nbc4 31. Rc2 Kd7 32. Nxc4 Rxc4 33.
Rxc4 Nxc4 34. Nb4 a5 35. Nd3 Kd6 36. h4 e5 37. Kf3 Nd2+ 38. Ke3 Nc4+ 39. Kf3
Nd2+ 40. Ke3 Nc4+ 41. Kf3 1/2-1/2

[Event "4NCL/Div2/PPA1 vs. BAR2"]
[Site "Wokefield Park ENG"]
[Date "2007.05.07"]
[Round "11.6"]
[White "Twyble, Michael S"]
[Black "Byway, Paul"]
[Result "1/2-1/2"]
[WhiteElo "2249"]
[BlackElo "2159"]
[PlyCount "20"]
[EventDate "2007.05.07"]
[EventType "team"]
[EventRounds "11"]
[EventCountry "ENG"]

1. d4 Nf6 2. Nf3 e6 3. e3 b6 4. Bd3 Bb7 5. O-O Be7 6. c4 d5 7. cxd5 exd5 8. b3
O-O 9. Bb2 Nbd7 10. Nc3 c5 1/2-1/2

[Event "4NCL/Div2/PPA1 vs. BAR2"]
[Site "Wokefield Park ENG"]
[Date "2007.05.07"]
[Round "11.7"]
[White "Rosen, Daniel B"]
[Black "Taylor, Peter"]
[Result "0-1"]
[WhiteElo "2136"]
[BlackElo "2224"]
[PlyCount "66"]
[EventDate "2007.05.07"]
[EventType "team"]
[EventRounds "11"]
[EventCountry "ENG"]

1. e4 c6 2. d4 d5 3. exd5 cxd5 4. c4 Nf6 5. c5 e5 6. Nc3 exd4 7. Qxd4 Nc6 8.
Bb5 Be7 9. Nf3 O-O 10. Bxc6 bxc6 11. O-O Nd7 12. b4 a5 13. Ba3 Bf6 14. Qd2 Ne5
15. Nxe5 Bxe5 16. Rac1 axb4 17. Bxb4 Bxh2+ 18. Kxh2 Qh4+ 19. Kg1 Qxb4 20. Rfe1
Be6 21. Qg5 h6 22. Qe7 Ra3 23. Ne2 Rxa2 24. Qd6 Rc2 25. Qxc6 Rxc1 26. Rxc1 Qd2
27. Qb5 d4 28. Ra1 d3 29. Ng3 Qc3 30. Qa6 d2 31. Nf1 Bc4 32. Qa7 Bxf1 33. Rxf1
Re8 0-1

[Event "4NCL/Div2/PPA1 vs. BAR2"]
[Site "Wokefield Park ENG"]
[Date "2007.05.07"]
[Round "11.8"]
[White "Bhatia, Kanwal K"]
[Black "Bentley, Emma"]
[Result "1-0"]
[WhiteElo "2052"]
[BlackElo "1405"]
[PlyCount "55"]
[EventDate "2007.05.07"]
[EventType "team"]
[EventRounds "11"]
[EventCountry "ENG"]

1. e4 e5 2. Nf3 Nc6 3. c3 Bc5 4. d4 exd4 5. cxd4 Bb4+ 6. Bd2 Bxd2+ 7. Qxd2 d6
8. Nc3 a6 9. Bc4 Nf6 10. O-O O-O 11. Rfe1 Re8 12. Qc2 h6 13. e5 dxe5 14. dxe5
Ng4 15. Rad1 Qe7 16. Nd5 Qc5 17. Nf6+ gxf6 18. Bxf7+ Kxf7 19. Qxc5 Ngxe5 20.
Nxe5+ Nxe5 21. Qxc7+ Kf8 22. f4 Nd7 23. Qd6+ Kf7 24. Rxe8 Kxe8 25. Re1+ Kd8 26.
Re7 Ra7 27. Rg7 Ke8 28. Qe7# 1-0